00836 2200289 4500001002100000005001700021008004100038020001800079035002400097082001100121090002100132100002400153245011000177250001100287260003200298300002400330500004200354650002300396700002100419700002600440850001500466980001400481985000600495999001500501999001500516999001500531YOGYA-0209000003400820090227024839.0 ind  a979-518-222-6 0010-020900000034008 a297.44 a297.44bDoi TlT aDOI, Abdur Rahman I aTindak pidana dalam syariat IslamcAbdur Rahman I. Doi ;penerjemah, H. Wadi Masturi, H. Basri Iba Asghary aCet. 1 aJakartabRineka Ciptac1992 axiii, 81 hlmc21 cm aJudul asli : Shari'ah the Islamic Law aHukum Pidana Islam aMasturi, Wadi, H aAsghary, Basri Iba, H aYOPDYOG(B) a7-10-2006 a3 a97P0094549 a97P0094550 a97P0094551